Cantai ao Senhor. (Registro nro. 28136)
[ vista simple ]
| 000 -LEADER | |
|---|---|
| campo de control de longitud fija | 01855cam a22004214i 4500 |
| 003 - IDENTIFICADOR DE NÚMERO DE CONTROL | |
| campo de control | PE-LiUPU |
| 005 - FECHA Y HORA DE LA ÚLTIMA TRANSACCIÓN | |
| campo de control | 20250731183412.0 |
| 008 - DATOS DE LONGITUD FIJA--INFORMACIÓN GENERAL | |
| campo de control de longitud fija | 150623s1963 bl r 000 0 spa d |
| 035 ## - NÚMERO DE CONTROL DEL SISTEMA | |
| Número de control de sistema | (Sirsi) a24634 |
| 040 ## - FUENTE DE CATALOGACIÓN | |
| Centro catalogador/agencia de origen | PE-LiUPU |
| Lengua de catalogación | spa |
| Centro/agencia transcriptor | PE-LiUPU |
| Normas de descripción | rda |
| 082 04 - NÚMERO DE LA CLASIFICACIÓN DECIMAL DEWEY | |
| Número de clasificación | 783.9 |
| Cutter | C28 |
| Número de edición | 21 |
| 110 2# - ENTRADA PRINCIPAL--NOMBRE DE ENTIDAD CORPORATIVA | |
| Nombre de entidad corporativa o nombre de jurisdicción como elemento de entrada | Casa Publicadora Brasileira |
| 245 10 - MENCIÓN DEL TÍTULO | |
| Título | Cantai ao Senhor. |
| 264 #1 - PRODUCCIÓN, PUBLICACIÓN, DISTRIBUCIÓN, FABRICACIÓN Y COPYRIGHT | |
| Producción, publicación, distribución, fabricación y copyright | Sao Paulo, Brasil : |
| Nombre del de productor, editor, distribuidor, fabricante | Casa publicadora Brasileira, |
| Fecha de producción, publicación, distribución, fabricación o copyright | 1963. |
| 300 ## - DESCRIPCIÓN FÍSICA | |
| Extensión | Pag. varias ; |
| Dimensiones | 20 centímetros |
| 336 ## - TIPO DE CONTENIDO | |
| Término de tipo de contenido | text |
| Fuente | rdacontent |
| 337 ## - TIPO DE MEDIO | |
| Nombre/término del tipo de medio | unmediated |
| Fuente | rdamedia |
| 338 ## - TIPO DE SOPORTE | |
| Nombre/término del tipo de soporte | volume |
| Fuente | rdacarrier |
| 500 ## - NOTA GENERAL | |
| Nota general | Otra ed.: 1974; 441 p. |
| 505 0# - NOTA DE CONTENIDO CON FORMATO | |
| Nota de contenido con formato | Himnos, Iglesia Adventista del Séptimo día (Portugués). |
| 526 ## - NOTA DE INFORMACIÓN SOBRE EL PROGRAMA DE ESTUDIO | |
| Nombre del programa | Maestría Bim Facility Management (A distancia) |
| 526 ## - NOTA DE INFORMACIÓN SOBRE EL PROGRAMA DE ESTUDIO | |
| Nombre del programa | |
| 526 ## - NOTA DE INFORMACIÓN SOBRE EL PROGRAMA DE ESTUDIO | |
| Nombre del programa | Educación musical y artes |
| 526 ## - NOTA DE INFORMACIÓN SOBRE EL PROGRAMA DE ESTUDIO | |
| Nombre del programa | Educación, especialidad educación física |
| 526 ## - NOTA DE INFORMACIÓN SOBRE EL PROGRAMA DE ESTUDIO | |
| Nombre del programa | Arquitectura |
| 596 ## - | |
| -- | 1 |
| 610 2# - PUNTO DE ACCESO ADICIONAL DE MATERIA--NOMBRE DE ENTIDAD CORPORATIVA | |
| Nombre de entidad corporativa o nombre de jurisdicción como elemento de entrada | IASD |
| Subdivisión general | Himnos. |
| 942 ## - ELEMENTOS DE ENTRADA SECUNDARIOS (KOHA) | |
| Fuente del sistema de clasificación o colocación | Clasificación Decimal Dewey |
| Tipo de ítem Koha | |
| 949 ## - PROCESAMIENTO DE INFORMACIÓN LOCAL (OCLC) | |
| a | 783.9 C28 |
| w | DEWEY |
| c | 1 |
| i | 50749 |
| l | CCODEBUL1 |
| m | BUL |
| p | 30.00 |
| r | 0 |
| s | Y |
| t | BOOK |
| u | 2015-06-24 |
| x | TEOLOGIA |
| -- | P35 |
| 0 | COMPRA |
| o | .STAFF. ColecciónTeología |
| 949 ## - PROCESAMIENTO DE INFORMACIÓN LOCAL (OCLC) | |
| a | 783.9 C28 |
| w | DEWEY |
| c | 2 |
| i | 49001 |
| l | CCODEBUL1 |
| m | BUL |
| p | 30.00 |
| r | 0 |
| s | Y |
| t | BOOK |
| u | 2015-06-24 |
| x | TEOLOGIA |
| -- | P35 |
| 0 | COMPRA |
| o | .STAFF. Colección Teología |
| 949 ## - PROCESAMIENTO DE INFORMACIÓN LOCAL (OCLC) | |
| a | 783.9 C28 |
| w | DEWEY |
| c | 3 |
| i | 34844 |
| l | CCODEBUL1 |
| m | BUL |
| p | 30.00 |
| r | 0 |
| s | Y |
| t | BOOK |
| u | 2015-06-24 |
| x | TEOLOGIA |
| -- | P35 |
| 0 | COMPRA |
| o | .STAFF. Colección Teología |
| 999 ## - NÚMEROS DE CONTROL DE SISTEMA (KOHA) | |
| -- | DEWEY |
| -- | 50749 |
| -- | LOST |
| -- | BUL |
| -- | 1 |
| -- | Y |
| -- | BOOK |
| -- | 2015-6-24 |
| -- | TEOLOGIA |
| -- | P35 |
| -- | COMPRA |
| -- | .STAFF. Colección General |
| 999 ## - NÚMEROS DE CONTROL DE SISTEMA (KOHA) | |
| -- | DEWEY |
| -- | 49001 |
| -- | DISCARD |
| -- | BUL |
| -- | 0 |
| -- | Y |
| -- | BOOK |
| -- | 2015-6-24 |
| -- | TEOLOGIA |
| -- | P35 |
| -- | COMPRA |
| -- | .STAFF. Colección General |
| 999 ## - NÚMEROS DE CONTROL DE SISTEMA (KOHA) | |
| -- | DEWEY |
| -- | 34844 |
| -- | 2021-11-11 |
| -- | 5 |
| -- | CCODEBUL1 |
| -- | BUL |
| -- | 30.00 |
| -- | 0 |
| -- | Y |
| -- | BOOK |
| -- | 2015-6-24 |
| -- | TEOLOGIA |
| -- | P35 |
| -- | COMPRA |
| -- | .STAFF. Colección Teología |
| 980 ## - EQUIVALENCIA O REFERENCIA-CRUZADA-MENCIÓN DE SERIE--NOMBRE DE PERSONA/TÍTULO [LOCAL, CANADÁ] | |
| ID del último usuario que modificó el registro | 1 |
| Nombre del último usuario que modificó el registro | ALBERTO SANCHEZ Responsable de Automatización |
| Visto por última vez | Número de inventario | Total de préstamos | Signatura topográfica completa | Código de barras | Copia número | Coste, precio de reemplazo | Fecha de reemplazo | Facultad | Tipo de ítem Koha | Nota pública | Estado de pérdida | Fuente del sistema de clasificación o colocación | Restricciones de uso | No para préstamo | Colección | Programa académico | Biblioteca de origen | Biblioteca actual | Ubicación en estantería | Fecha de adquisición | Fuente de adquisición | Coste, precio normal de compra | Fecha del último préstamo |
|---|---|---|---|---|---|---|---|---|---|---|---|---|---|---|---|---|---|---|---|---|---|---|---|
| 2022-07-06 | 5 | 783.9 C28 | 50749 | e1 | 35.00 | 2015-06-24 | Libros físicos | perdido o baja hasta el 2023-12-13 | Perdido | Clasificación Decimal Dewey | Restringido | No disponible para préstamos | Colección General | Teología | Biblioteca CRAI UPeU Lima | Biblioteca CRAI UPeU Lima | Sala principal | 2015-06-24 | COMPRA | 30.00 | |||
| 2025-12-03 | 1 | 1 | 783.9 C28 | 34844 | e3 | 2015-06-24 | Libros físicos | inventario-2023-12-13 | No Perdido | Clasificación Decimal Dewey | No restringido | Disponible para préstamos | Colección General | Teología | Biblioteca CRAI UPeU Lima | Biblioteca CRAI UPeU Lima | Sala principal | 2015-06-24 | COMPRA | 2022-09-16 |